Environmental Law, 5th ed. (Indian Print)
| 1. Verfasser: | |
|---|---|
| Format: | Unbekannt |
| Veröffentlicht: |
Eastern Law House
|
| LEADER | 00205 a2200085 4500 | ||
|---|---|---|---|
| 020 | |a 9789351454304 | ||
| 100 | |a S C Shastry | ||
| 245 | |a Environmental Law, 5th ed. (Indian Print) | ||
| 260 | |b Eastern Law House | ||
| 999 | |c 40300 |d 40300 | ||